00724cam a2200205Ma 450000500170000000800410001702000180005802000150007604000630009104100080015410000180016224501000018026000530028030000330033350400410036665000140040765000340042165000350045565000280049020260120092626.0140728s2011 mx a fr 000 0 spa d a9786074815313 a6074815313 aCO-BoUCMbspacJose A. GerenadSandra Palacio (modificó)0 aspa1 aHoms, Ricardo13aLa esencia de la estrategia de marketing bla estrategia a partir del consumidor cRicardo Homs aMéxico D.F. (México)bCengage Learningc2011 a192 páginasbilustraciones aIncluye referencias bibliográficas 7aMercadeo  7aAdministración de mercadeo  7aComportamiento del consumidor  7aAnálisis de mercadeo